000 01221nam a22002297a 4500
999 _c6432
_d6432
003 AR-CdUCM
008 190315b ||||| |||| 00| 0 spa d
040 _aMUNICIPALIDAD PROVINCIAL DEL CUSCO
_cBIBLIOTECA MUNICIPAL DEL CUSCO
082 _a030 /
_bC419
100 _aCervantes, Miguel de
_917829
245 _aDon Quijote de la Mancha :
_bLos mejores libros de la literatura española /
260 _aLima :
_bEditora de Publicaciones Gente,
_c1987.
300 _a191 páginas ;
_c17 cm.
440 _aColección gratuita con la revista Gente (Lima-Perú) por su 3º aniversario.
_n4
_918260
505 _aContenido: t.5 De como el gran Sancho Panza tomo la posesión de su ínsula y del modo que comenzó a gobernar -- t.3 Que trata delo que sucedió en la venta y de otras muchas cosas dignas de saberse -- t.2 Donde se prosigue la aventura de la sierra morena -- t.1 Que trata de la condición y ejercicio del famoso hidalgo don Quijote de la Mancha, que trata de la primera salida que de su tierra hizo el ingenioso Don quijote...
650 _aLiteratura española
_9362
650 _aColección
_92826
650 _aSiglo XX
_98
700 _aBanco de la Nación
_918155
942 _2ddc
_cLIBROS
945 _adavv